000 00699cab a2200253 4500
001 WB2927-24
008 090401t1993 xxu||||| |||| 00| 0 eng d
035 _a(Sirsi) u72145
041 _aeng
245 _aReversing trends
260 _c1993
350 _a0
490 _aFinancial Times
_v16 July 1993, 10(2)
520 _aLooks at initiatives aimed at attracting institutional investment in the private rented sector.
650 _aCOOPERS & LYBRAND
650 _aHOUSING ACT 1988
650 _aINSTITUTIONAL INVESTMENT
650 _aPRIVATE RENTED SECTOR
650 _aRENTED HOUSING
650 _aTAX BREAKS
690 _aHOUSING-FINANCE
942 _n0
948 _c04/03/1997
999 _c45536
_d45536